| 000 | 00697pam a2200193 a 4500 | ||
|---|---|---|---|
| 020 | _a0060466774 | ||
| 020 | _a0063507285 (Harper international ed.) | ||
| 082 | 0 | 0 |
_a363.739456 _bTHO _cL-4 , P-2 |
| 100 | 1 |
_aThomann, Robert V. _938233 |
|
| 245 | 1 | 0 |
_aPrinciples of surface water quality modeling and control / _cRobert V. Thomann, John A. Mueller. |
| 260 |
_aNew York : _bHarper & Row, _cc1987. |
||
| 300 |
_axii, 644 p. : _bill. ; _c24 cm. |
||
| 526 |
_a0 _b0 _c0 _d363_739456000000000_THO |
||
| 650 | 0 |
_aMCE _9379 |
|
| 650 | 0 |
_aWater quality management _xMathematical models. _938234 |
|
| 650 | 0 |
_aWater quality _xMathematical models. _93518 |
|
| 700 | 1 |
_aMueller, John A. _938235 |
|
| 942 |
_2ddc _cBK |
||
| 999 |
_c542872 _d542872 |
||